Statě o Evropské unii

Guardado en:
Detalles Bibliográficos
Autor principal: Tomášek, Michal
Formato: Libro
Lenguaje:checo
Publicado: Praha Codex 1994
Edición:1. vyd.
Materias:
Etiquetas: Agregar Etiqueta
Sin Etiquetas, Sea el primero en etiquetar este registro!

MARC

LEADER 00000nam a2200000 4500
001 c011920
005 20230222123723.5
020 |a 80-901683-0-2 
041 0 |a cze 
044 |a CZ 
245 1 0 |a Statě o Evropské unii  |c Michal Tomášek 
250 |a 1. vyd. 
264 1 |a Praha  |b Codex  |c 1994 
300 |a 63 s. 
610 2 0 |a Európska únia 
610 2 0 |a Európa 
610 2 0 |a štát 
610 2 0 |a právo 
610 2 0 |a mena 
610 2 0 |a obchod zahraničný 
610 2 0 |a obchod medzinárodný 
610 2 0 |a sily pracovné 
610 2 0 |a zamestnanosť 
610 2 0 |a trh práce 
100 1 |a Tomášek, Michal